<?xml version="1.0" encoding="UTF-8"?>
<record
    xmlns:xsi="http://www.w3.org/2001/XMLSchema-instance"
    xsi:schemaLocation="http://www.loc.gov/MARC21/slim http://www.loc.gov/standards/marcxml/schema/MARC21slim.xsd"
    xmlns="http://www.loc.gov/MARC21/slim">

  <leader>01067nam a2200349 u 4500</leader>
  <controlfield tag="001">113862</controlfield>
  <controlfield tag="005">20260506081626.0</controlfield>
  <controlfield tag="008">961129s1995                        spa  </controlfield>
  <datafield tag="020" ind1=" " ind2=" ">
    <subfield code="a">9586551806</subfield>
  </datafield>
  <datafield tag="035" ind1=" " ind2=" ">
    <subfield code="a">113862</subfield>
  </datafield>
  <datafield tag="035" ind1=" " ind2=" ">
    <subfield code="a">(OCoLC)318254870</subfield>
  </datafield>
  <datafield tag="040" ind1=" " ind2=" ">
    <subfield code="c">comduadb</subfield>
  </datafield>
  <datafield tag="041" ind1=" " ind2=" ">
    <subfield code="a">spa</subfield>
  </datafield>
  <datafield tag="050" ind1=" " ind2="4">
    <subfield code="a">RA</subfield>
  </datafield>
  <datafield tag="080" ind1=" " ind2=" ">
    <subfield code="a">Q</subfield>
  </datafield>
  <datafield tag="080" ind1=" " ind2=" ">
    <subfield code="a">WA</subfield>
  </datafield>
  <datafield tag="082" ind1=" " ind2="4">
    <subfield code="a">614</subfield>
  </datafield>
  <datafield tag="100" ind1="1" ind2="0">
    <subfield code="a">Londo&#xF1;o Fern&#xE1;ndez, Juan Luis,</subfield>
    <subfield code="g">CvLAC</subfield>
    <subfield code="4">aut</subfield>
    <subfield code="0">(viaf)206518853</subfield>
    <subfield code="e">aut</subfield>
  </datafield>
  <datafield tag="245" ind1="1" ind2="0">
    <subfield code="a">Metodologia de la investigacion epidemiologica</subfield>
  </datafield>
  <datafield tag="250" ind1=" " ind2=" ">
    <subfield code="a">2ed.</subfield>
  </datafield>
  <datafield tag="260" ind1=" " ind2=" ">
    <subfield code="a">Medell&#xED;n :</subfield>
    <subfield code="b">Editorial Universidad de Antioquia,</subfield>
    <subfield code="c">1995.</subfield>
  </datafield>
  <datafield tag="300" ind1=" " ind2=" ">
    <subfield code="a">271 p&#xE1;ginas</subfield>
  </datafield>
  <datafield tag="500" ind1=" " ind2=" ">
    <subfield code="a">Compra:Diego Pareja:Oct/96.</subfield>
  </datafield>
  <datafield tag="650" ind1=" " ind2="7">
    <subfield code="a">Epidemiolog&#xED;a</subfield>
    <subfield code="2">lemb</subfield>
    <subfield code="9">5453</subfield>
  </datafield>
  <datafield tag="650" ind1=" " ind2=" ">
    <subfield code="a">Investigaci&#xF3;n en epidemiolog&#xED;a</subfield>
    <subfield code="9">42554</subfield>
  </datafield>
  <datafield tag="650" ind1=" " ind2="7">
    <subfield code="a">Investigaci&#xF3;n</subfield>
    <subfield code="2">lemb</subfield>
    <subfield code="9">51669</subfield>
  </datafield>
  <datafield tag="650" ind1=" " ind2=" ">
    <subfield code="a">ND-402 Investigaci&#xF3;n I</subfield>
    <subfield code="9">120786</subfield>
  </datafield>
  <datafield tag="650" ind1=" " ind2="0">
    <subfield code="a">ND-603 Epidemiolog&#xED;a nutricional</subfield>
    <subfield code="9">122215</subfield>
  </datafield>
  <datafield tag="650" ind1=" " ind2=" ">
    <subfield code="a">ND-702 Investigaci&#xF3;n II</subfield>
    <subfield code="9">122334</subfield>
  </datafield>
  <datafield tag="650" ind1=" " ind2="7">
    <subfield code="a">Investigaci&#xF3;n cient&#xED;fica</subfield>
    <subfield code="x">Metodolog&#xED;a</subfield>
    <subfield code="2">armarc</subfield>
    <subfield code="9">164214</subfield>
  </datafield>
  <datafield tag="942" ind1=" " ind2=" ">
    <subfield code="c">BOOK</subfield>
  </datafield>
  <datafield tag="999" ind1=" " ind2=" ">
    <subfield code="c">91491</subfield>
    <subfield code="d">91491</subfield>
  </datafield>
  <datafield tag="952" ind1=" " ind2=" ">
    <subfield code="0">0</subfield>
    <subfield code="1">0</subfield>
    <subfield code="4">0</subfield>
    <subfield code="7">0</subfield>
    <subfield code="8">GEN</subfield>
    <subfield code="a">BC</subfield>
    <subfield code="b">BC</subfield>
    <subfield code="d">1999-09-29</subfield>
    <subfield code="i">C168191</subfield>
    <subfield code="l">0</subfield>
    <subfield code="o">614.4 L847m</subfield>
    <subfield code="p">6-10000003379354</subfield>
    <subfield code="r">2023-04-22 00:00:00</subfield>
    <subfield code="t">1</subfield>
    <subfield code="w">2023-04-22</subfield>
    <subfield code="y">BOOK</subfield>
  </datafield>
  <datafield tag="952" ind1=" " ind2=" ">
    <subfield code="0">0</subfield>
    <subfield code="1">0</subfield>
    <subfield code="4">0</subfield>
    <subfield code="7">0</subfield>
    <subfield code="8">GEN</subfield>
    <subfield code="a">BC</subfield>
    <subfield code="b">BC</subfield>
    <subfield code="d">1999-07-28</subfield>
    <subfield code="i">C552509</subfield>
    <subfield code="l">0</subfield>
    <subfield code="o">614.4 L847m e3</subfield>
    <subfield code="p">0540547</subfield>
    <subfield code="r">2023-04-22 00:00:00</subfield>
    <subfield code="t">2</subfield>
    <subfield code="w">2023-04-22</subfield>
    <subfield code="y">BOOK</subfield>
  </datafield>
  <datafield tag="952" ind1=" " ind2=" ">
    <subfield code="0">0</subfield>
    <subfield code="1">0</subfield>
    <subfield code="4">0</subfield>
    <subfield code="7">0</subfield>
    <subfield code="8">GENERAL</subfield>
    <subfield code="a">BE</subfield>
    <subfield code="b">BE</subfield>
    <subfield code="d">1998-04-13</subfield>
    <subfield code="i">C234958</subfield>
    <subfield code="l">0</subfield>
    <subfield code="o">WA105 L6-95</subfield>
    <subfield code="p">61000001133889</subfield>
    <subfield code="r">2023-04-22 00:00:00</subfield>
    <subfield code="t">3</subfield>
    <subfield code="w">2023-04-22</subfield>
    <subfield code="y">BOOK</subfield>
  </datafield>
  <datafield tag="952" ind1=" " ind2=" ">
    <subfield code="0">0</subfield>
    <subfield code="1">0</subfield>
    <subfield code="4">0</subfield>
    <subfield code="7">0</subfield>
    <subfield code="8">GENERAL</subfield>
    <subfield code="a">BO</subfield>
    <subfield code="b">BO</subfield>
    <subfield code="d">1998-09-04</subfield>
    <subfield code="i">C383835</subfield>
    <subfield code="l">0</subfield>
    <subfield code="o">Q180 L6-95 e1</subfield>
    <subfield code="p">61000000938494</subfield>
    <subfield code="r">2025-01-22 00:00:00</subfield>
    <subfield code="t">5</subfield>
    <subfield code="w">2023-04-22</subfield>
    <subfield code="y">BOOK</subfield>
  </datafield>
  <datafield tag="952" ind1=" " ind2=" ">
    <subfield code="0">0</subfield>
    <subfield code="1">0</subfield>
    <subfield code="4">0</subfield>
    <subfield code="7">0</subfield>
    <subfield code="8">GENERAL</subfield>
    <subfield code="a">BR</subfield>
    <subfield code="b">BR</subfield>
    <subfield code="d">1998-09-04</subfield>
    <subfield code="i">C383819</subfield>
    <subfield code="l">2</subfield>
    <subfield code="o">RA649 L6m e1</subfield>
    <subfield code="p">61000000379715</subfield>
    <subfield code="r">2026-04-17 16:47:20</subfield>
    <subfield code="s">2026-04-16</subfield>
    <subfield code="t">6</subfield>
    <subfield code="w">2023-04-22</subfield>
    <subfield code="y">BOOK</subfield>
  </datafield>
  <datafield tag="952" ind1=" " ind2=" ">
    <subfield code="0">0</subfield>
    <subfield code="1">0</subfield>
    <subfield code="4">0</subfield>
    <subfield code="7">0</subfield>
    <subfield code="8">GENERAL</subfield>
    <subfield code="a">BR</subfield>
    <subfield code="b">BR</subfield>
    <subfield code="d">1999-01-25</subfield>
    <subfield code="i">C406899</subfield>
    <subfield code="l">0</subfield>
    <subfield code="o">RA649 L6m e2</subfield>
    <subfield code="p">61000000379772</subfield>
    <subfield code="r">2023-04-22 00:00:00</subfield>
    <subfield code="t">7</subfield>
    <subfield code="w">2023-04-22</subfield>
    <subfield code="y">BOOK</subfield>
  </datafield>
  <datafield tag="952" ind1=" " ind2=" ">
    <subfield code="0">0</subfield>
    <subfield code="1">0</subfield>
    <subfield code="4">0</subfield>
    <subfield code="7">0</subfield>
    <subfield code="8">GENERAL</subfield>
    <subfield code="a">BR</subfield>
    <subfield code="b">BR</subfield>
    <subfield code="d">1999-01-27</subfield>
    <subfield code="i">C407106</subfield>
    <subfield code="l">1</subfield>
    <subfield code="o">RA649 L6m e3</subfield>
    <subfield code="p">61000000429056</subfield>
    <subfield code="r">2026-04-23 08:50:52</subfield>
    <subfield code="s">2026-04-08</subfield>
    <subfield code="t">8</subfield>
    <subfield code="w">2023-04-22</subfield>
    <subfield code="y">BOOK</subfield>
  </datafield>
  <datafield tag="952" ind1=" " ind2=" ">
    <subfield code="0">0</subfield>
    <subfield code="1">0</subfield>
    <subfield code="4">0</subfield>
    <subfield code="7">0</subfield>
    <subfield code="8">GENERAL</subfield>
    <subfield code="a">BR</subfield>
    <subfield code="b">BR</subfield>
    <subfield code="d">1999-01-27</subfield>
    <subfield code="i">C407107</subfield>
    <subfield code="l">0</subfield>
    <subfield code="o">RA649 L6m e4</subfield>
    <subfield code="p">61000000429114</subfield>
    <subfield code="r">2023-04-22 00:00:00</subfield>
    <subfield code="t">9</subfield>
    <subfield code="w">2023-04-22</subfield>
    <subfield code="y">BOOK</subfield>
  </datafield>
  <datafield tag="952" ind1=" " ind2=" ">
    <subfield code="0">0</subfield>
    <subfield code="1">0</subfield>
    <subfield code="4">0</subfield>
    <subfield code="7">0</subfield>
    <subfield code="8">GENERAL</subfield>
    <subfield code="a">BSP</subfield>
    <subfield code="b">BSP</subfield>
    <subfield code="d">1998-07-29</subfield>
    <subfield code="i">C335121</subfield>
    <subfield code="l">0</subfield>
    <subfield code="o">WA105 L6-95 e4</subfield>
    <subfield code="p">61000000458261</subfield>
    <subfield code="r">2023-04-22 00:00:00</subfield>
    <subfield code="t">11</subfield>
    <subfield code="w">2023-04-22</subfield>
    <subfield code="y">BOOK</subfield>
  </datafield>
  <datafield tag="952" ind1=" " ind2=" ">
    <subfield code="0">0</subfield>
    <subfield code="1">0</subfield>
    <subfield code="4">0</subfield>
    <subfield code="7">0</subfield>
    <subfield code="8">MINST</subfield>
    <subfield code="a">BSP</subfield>
    <subfield code="b">BSP</subfield>
    <subfield code="d">1998-07-29</subfield>
    <subfield code="i">C335467</subfield>
    <subfield code="l">0</subfield>
    <subfield code="o">WA105 L6-95</subfield>
    <subfield code="p">61000000445482</subfield>
    <subfield code="r">2023-04-22 00:00:00</subfield>
    <subfield code="t">12</subfield>
    <subfield code="w">2023-04-22</subfield>
    <subfield code="y">BOOKI</subfield>
  </datafield>
  <datafield tag="952" ind1=" " ind2=" ">
    <subfield code="0">0</subfield>
    <subfield code="1">0</subfield>
    <subfield code="4">0</subfield>
    <subfield code="7">0</subfield>
    <subfield code="8">GENERAL</subfield>
    <subfield code="a">BSP</subfield>
    <subfield code="b">BSP</subfield>
    <subfield code="d">1999-01-25</subfield>
    <subfield code="i">C406896</subfield>
    <subfield code="l">0</subfield>
    <subfield code="o">WA105 L6-95 e3</subfield>
    <subfield code="p">61000000458279</subfield>
    <subfield code="r">2023-04-22 00:00:00</subfield>
    <subfield code="t">14</subfield>
    <subfield code="w">2023-04-22</subfield>
    <subfield code="y">BOOK</subfield>
  </datafield>
  <datafield tag="952" ind1=" " ind2=" ">
    <subfield code="0">0</subfield>
    <subfield code="1">0</subfield>
    <subfield code="4">0</subfield>
    <subfield code="7">0</subfield>
    <subfield code="8">GENERAL</subfield>
    <subfield code="a">BSP</subfield>
    <subfield code="b">BSP</subfield>
    <subfield code="d">1998-12-02</subfield>
    <subfield code="i">C402082</subfield>
    <subfield code="l">0</subfield>
    <subfield code="o">WA105 L6-95 e2</subfield>
    <subfield code="p">61000000435871</subfield>
    <subfield code="r">2023-04-22 00:00:00</subfield>
    <subfield code="t">16</subfield>
    <subfield code="w">2023-04-22</subfield>
    <subfield code="y">BOOK</subfield>
  </datafield>
  <datafield tag="952" ind1=" " ind2=" ">
    <subfield code="0">0</subfield>
    <subfield code="1">0</subfield>
    <subfield code="4">0</subfield>
    <subfield code="7">0</subfield>
    <subfield code="8">GENERAL</subfield>
    <subfield code="a">CAUCA</subfield>
    <subfield code="b">CAUCA</subfield>
    <subfield code="d">2008-04-01</subfield>
    <subfield code="i">C993945</subfield>
    <subfield code="l">0</subfield>
    <subfield code="o">614.4 L847</subfield>
    <subfield code="p">6-10000003249279</subfield>
    <subfield code="r">2023-04-22 00:00:00</subfield>
    <subfield code="t">17</subfield>
    <subfield code="w">2023-04-22</subfield>
    <subfield code="y">BOOK</subfield>
  </datafield>
  <datafield tag="952" ind1=" " ind2=" ">
    <subfield code="0">0</subfield>
    <subfield code="1">0</subfield>
    <subfield code="4">0</subfield>
    <subfield code="7">0</subfield>
    <subfield code="8">GENERAL</subfield>
    <subfield code="a">BSEGO</subfield>
    <subfield code="b">BSEGO</subfield>
    <subfield code="d">2008-05-13</subfield>
    <subfield code="i">C1002279</subfield>
    <subfield code="l">0</subfield>
    <subfield code="o">614.4 L847</subfield>
    <subfield code="p">0589247</subfield>
    <subfield code="r">2023-04-22 00:00:00</subfield>
    <subfield code="t">18</subfield>
    <subfield code="w">2023-04-22</subfield>
    <subfield code="y">BOOK</subfield>
  </datafield>
</record>
